Second language acquisition
Gardado en:
| Autor Principal: | |
|---|---|
| Formato: | Libro |
| Idioma: | inglés |
| Publicado: |
Nueva York
Oxford University Press
1997
|
| Series: | Oxford Introductions to Language Study
|
| Subjects: | |
| Tags: |
Engadir etiqueta
Sen Etiquetas, Sexa o primeiro en etiquetar este rexistro!
|
MARC
| LEADER | 00000nam a2200000 a 4500 | ||
|---|---|---|---|
| 001 | UCI1046 | ||
| 003 | CL-VaPUC | ||
| 008 | 070615e19970000US |||||||||||||||||eng|d | ||
| 020 | |a 019437212X | ||
| 082 | 0 | 4 | |a 401.93 |b ELL |2 21 |
| 100 | 0 | |a Ellis, Rod |e author |9 521331 | |
| 245 | 1 | 0 | |a Second language acquisition |
| 300 | |a 147 p | ||
| 942 | |c BK | ||
| 945 | |d 20070615 00:00:00 |a jtorresc | ||
| 260 | |a Nueva York |b Oxford University Press |c 1997 | ||
| 650 | 0 | |a Adquisición del lenguaje |9 309032 | |
| 650 | 0 | |a Desarrollo del lenguaje |9 311270 | |
| 650 | 0 | |a Lingüística |9 265068 | |
| 650 | 0 | |a Educación lingüística |9 306506 | |
| 583 | |a last modification |c 20070615 00:00:00 |k Rodrigo Vera | ||
| 490 | 0 | |a Oxford Introductions to Language Study | |
| 999 | |c 325964 |d 325962 | ||
| 952 | |0 0 |1 0 |4 0 |6 401_930000000000000_ELL_1997 |7 0 |8 A |9 407519 |a FDOPOS |b FDOPOS |d 2019-11-22 |i 4349466 |o 401.93 ELL 1997 |p 4349466 |r 2025-01-22 |w 2019-11-22 |y BK |k MLA | ||